000 00915nam0a2200289 4500
001 RU\NLR\ONL2\6646
005 20250613130106.0
035 _a(NLR Aleph) 009654241
090 _a9583165
_c9583165
100 _a20070213d1934 |||y0rusy50 ca
101 0 _asho
102 _aRU
105 _ay |||||||||
200 1 _aQodur aanь emnecen naa ondajlar tapqannarь
_fProf. M. P. Dem'janovic
210 _aNovosibirsk
_cOGIZ
_d1934
215 _a23 c.
_d15
541 1 _6z01790
_aЧесотка и новейшие достижения в ее лечении
_zrus
606 0 _aЧесотка
_xПрофилактика
_91908956
_3RU\NLR\auth\661159159
686 1 _aР601.1
700 1 _aDem'janovic
_bM. P.
_4070
790 1 _6z01541
_aДемьянович
_bМ. П.
_4070
801 0 _aRU
_bNLR
_c20070213
_gPSBO
852 _aNLR
_bОНЛ
_jШор./1-10
942 _cBOOK
980 _aNB
980 _aONL_RF